Name a Valid War - Statistics

General Stats
  • This quiz has been taken 893 times
  • The average score is 10 of 16
Answer Stats
Name a war that... Answer % Correct
that included over 10 Countries World War I, World War II, Napolionic Wars...
99%
had a Death Toll of over 10 Million Three Kingdoms War, Mongol Conquests, Spanish Mexican War...
98%
was a Civil War American Civil War, Sudan Civil War, Syria Civil War...
96%
was fought Worldwide American Revolutionary War, Eighty Years' War...
89%
included the Soviet Union World War II, Soviet Japanese War, Soviet-Afghan War...
89%
took place during 1939 to 1945 World War II, Winter War, Soviet-Japanese War...
76%
is still taking place Today Somali Civil War, Syrian Civil War, Kurdish-Turkish Conflict...
71%
was started by the United States American Revolutionary War, American Civil War...
62%
fought in modern day Mexico Spanish Conquest of Aztecs, Mexican Revolution...
52%
took place before 1 A.C. Jewish-Roman Wars, Greco-Persian Wars, Hunnic Wars...
49%
included the Roman Empire Gothic War, Punic Wars, Samnite Wars...
46%
fought on the Iberian Peninsula Reconquista, Napoleonic Wars, Spanish Civil War...
44%
fought only on the African Continent Rwandan Genocide, Algerian War of Independence...
39%
was fought between China and Japan Japanese invasions of Korea, Sino-Japanese Wars...
36%
took place during 1400 to 1600 War of the Roses, Italian Wars, Campaigns of Suleiman...
36%
included the Spanish Empire Anglo-Spanish War, Spanish Conquest of the Incas...
29%
No matching quizzes found
Score Distribution
Percent of People with Each Score
Percentile by Number Answered
Your Score History
You have not taken this quiz